HISTORY OF AYURVEDA (Record no. 8679)

MARC details
000 -LEADER
fixed length control field 00294nam a22001337a 4500
003 - CONTROL NUMBER IDENTIFIER
control field SGT
082 ## - DEWEY DECIMAL CLASSIFICATION NUMBER
Classification number 615.53
Item number P13H
100 ## - MAIN ENTRY--PERSONAL NAME
Personal name PREMCHAND, DEEPAK YADAV
245 ## - TITLE STATEMENT
Title HISTORY OF AYURVEDA
260 ## - PUBLICATION, DISTRIBUTION, ETC. (IMPRINT)
Place of publication, distribution, etc VARANASI
Name of publisher, distributor, etc CHAUKHAMBHA PUB
Year of Publication 2013
300 ## - PAGE DESCRIPTION
No. of Pages 223
650 ## - SUBJECT ADDED ENTRY--TOPICAL TERM
Topical term or geographic name as entry element AYURVEDA
942 ## - ADDED ENTRY ELEMENTS (KOHA)
Source of classification or shelving scheme Dewey Decimal Classification
Koha item type Books
942 ## - ADDED ENTRY ELEMENTS (KOHA)
-- 3
Holdings
Withdrawn status Lost status Source of classification or shelving scheme Damaged status Not for loan Collection code Home library Current library Shelving location Date acquired Vendor Name Cost, normal purchase price SGTU Bill Number Total Checkouts Full call number Accession No. (Barcode) Date last seen Date last borrowed Bill Date Koha item type
    Dewey Decimal Classification     AYURVEDA SGT FA-FP Library SGT FA-FP Library Text Book 30/03/2016 CHAUKHAMBHA 160.00 SGTU 1079 2 615.53 P13H FA4743 13/02/2025 13/02/2025 30/03/2016 Books
    Dewey Decimal Classification     AYURVEDA SGT FA-FP Library SGT FA-FP Library Text Book 30/03/2016 CHAUKHAMBHA 160.00 SGTU 1079 5 615.53 P13H FA4744 07/03/2019 23/02/2019 30/03/2016 Books
    Dewey Decimal Classification     AYURVEDA SGT FA-FP Library SGT FA-FP Library Text Book 30/03/2016 CHAUKHAMBHA 160.00 SGTU 1079 16 615.53 P13H FA4745 24/06/2025 24/06/2025 30/03/2016 Books
    Dewey Decimal Classification     AYURVEDA SGT FA-FP Library SGT FA-FP Library Text Book 30/03/2016 CHAUKHAMBHA 160.00 SGTU 1079   615.53 P13H FA4746 30/03/2016   30/03/2016 Books
    Dewey Decimal Classification     AYURVEDA SGT FA-FP Library SGT FA-FP Library Text Book 30/03/2016 CHAUKHAMBHA 160.00 SGTU 1079 1 615.53 P13H FA4747 25/05/2016 24/05/2016 30/03/2016 Books